000 00468nam a2200169Ia 4500
999 _c281
_d281
003 OSt
005 20210909115934.0
008 190216s9999||||xx |||||||||||||| ||und||
040 _coclc
082 _a297
_bZAK/A
100 _aZakariyya, Mohiyudheen Abi
_98820
245 0 _aAl Azkar Al Navaviyya /
_cMohiyudheen Abi Zakariyya
260 _bHilal Publications,
300 _a382p
650 _aArabic
942 _cBK
_2ddc
_h297
_iZAK/A
_k297
_mZAK/A